A still forest pool ; (Record no. 2993)

MARC details
000 -LEADER
fixed length control field 00605nam a2200193 4500
001 - CONTROL NUMBER
control field 3669
005 - DATE AND TIME OF LATEST TRANSACTION
control field 20181127171725.0
010 00 - LIBRARY OF CONGRESS CONTROL NUMBER
LC control number
020 00 - INTERNATIONAL STANDARD BOOK NUMBER
International Standard Book Number 0835605973
090 00 - LOCALLY ASSIGNED LC-TYPE CALL NUMBER (OCLC); LOCAL CALL NUMBER (RLIN)
Classification number (OCLC) (R) ; Classification number, CALL (RLIN) (NR) 248.1 C4339s 1987
100 00 - MAIN ENTRY--PERSONAL NAME
Personal name Chah, Achaan.
245 00 - TITLE STATEMENT
Title A still forest pool ;
Remainder of title The insight meditation of Achaan Chah /
Statement of responsibility, etc. Achaan Chah; compiled and edited by Jack Kornfield & Paul Breiter.
Medium
250 00 - EDITION STATEMENT
Edition statement
260 00 - PUBLICATION, DISTRIBUTION, ETC.
Place of publication, distribution, etc. Wheaton, IL :
Name of publisher, distributor, etc. Theosophical Publishing House,
Date of publication, distribution, etc. 1987.
300 00 - PHYSICAL DESCRIPTION
Extent xix, 192 p. : ill. ; 21 cm.
500 00 - GENERAL NOTE
General note "A Quest Book"
650 00 - SUBJECT ADDED ENTRY--TOPICAL TERM
Topical term or geographic name entry element Meditation --Buddhism.
General subdivision
Topical term or geographic name entry element Spiritual life --Buddhism.
General subdivision
Holdings
Withdrawn status Lost status Source of classification or shelving scheme Damaged status Not for loan Collection code Home library Current library Shelving location Serial Enumeration / chronology Inventory number Total Checkouts Full call number Barcode Date last seen Copy number Price effective from Koha item type Date acquired Total Renewals Date last checked out
    Dewey Decimal Classification     Main TEST RTC Library RTC Library Main opac 6210   248.1 CHA 30005952 27/11/2018 1 27/11/2018 Main      
    Dewey Decimal Classification     Main TEST RTC Library RTC Library Main opac 6207 1 248.1 CHA 30005947 22/11/2022 2 27/11/2018 Main 24/10/2022 1 24/10/2022
    Dewey Decimal Classification     Main TEST RTC Library RTC Library Main opac 6211 2 248.1 CHA 30005988 02/10/2020 5 27/11/2018 Main     17/09/2020
    Dewey Decimal Classification     Main TEST RTC Library RTC Library Main opac 6208   248.1 CHA 30005991 27/11/2018 3 27/11/2018 Main      
    Dewey Decimal Classification     Main TEST RTC Library RTC Library Main opac 6209   248.1 CHA 30005933 27/11/2018 4 27/11/2018 Main      
Royal Thimphu College || All Right Reserved